000 00856nas a2200301 4500
001 BR9801828
003 BR-BrBNA
005 20231205100959.0
007 ta
008 230509b bl.|||p| |||| 00| 00por d
040 _aBR-BrBNA
_bpor
_cBiblioteca Nacional de Agricultura
041 _a(Pt)
072 _aF08
100 1 _aFaria, R.T. de
100 1 _aPostiglioni, S.R.
245 1 _aAvaliacao de cultivos de inverno em sucessao com arroz em varzeas
650 _aIrrigacao por Inundacao
650 _aTrigo
650 _aAveia
650 _aAlho
650 _aArroz
650 _aConsorciacao de Cultura
650 _aRendimento
650 _aCultura de Inverno
773 0 _tEngenharia Agricola (Brazil)
_xISSN 0100-6916
_g(Jun 1997), v. 16(4) p. 11-21
_wBR9801828
909 _a202311
_bLúcia
_c55
_dLúcia Elande
942 _2AGRIS
_n0
_cANA
999 _c159146
_d159146